Southville International School and Colleges
Your cart is empty.
  • Cart
  • Lists
    Public lists Eva Luna New books Lux_list list_1
    Your lists Log in to create your own lists
  • Log in to your account
  • Your cookies
  • Search history
Southville International School and Colleges
  • Advanced search
  • Recent comments
  • Most popular
  • Libraries

Log in to your account

Log in with GOOGLE


If you do not have an external account, but do have a local account, you can still log in:

  1. Home
  2. MARC view: Nellie Lou's hairdos /
Normal view MARC view ISBD view

Nellie Lou's hairdos / (Record no. 103540)

[ view plain ]
MARC details
000 -LEADER
fixed length control field 00638nam a2200181 a 4500
005 - DATE AND TIME OF LATEST TRANSACTION
control field 20140412111303.0
008 - FIXED-LENGTH DATA ELEMENTS--GENERAL INFORMATION
fixed length control field 030410s19uu xx 00 eng d
020 ## - INTERNATIONAL STANDARD BOOK NUMBER
International Standard Book Number 1-55782-098-8
050 ## - LIBRARY OF CONGRESS CALL NUMBER
Classification number ER
Item number Ne32 1989
100 ## - MAIN ENTRY--PERSONAL NAME
Personal name Sandford, John
245 ## - TITLE STATEMENT
Title Nellie Lou's hairdos /
Statement of responsibility, etc John Sandford.
260 ## - PUBLICATION, DISTRIBUTION, ETC. (IMPRINT)
Place of publication, distribution, etc New York :
Name of publisher, distributor, etc Warner Juvenile Books,
Date of publication, distribution, etc 1989.
300 ## - PHYSICAL DESCRIPTION
Extent 1 v. (unp.) ; ill.
520 ## - SUMMARY, ETC.
Summary, etc Nellie Lou, minding the hair shop in her mother's absence, works hard to create a satisfactory hairstyle for Miss Gump, who can never up her mind.
650 ## - SUBJECT ADDED ENTRY--TOPICAL TERM
Topical term or geographic name as entry element Hairsytles-- Fiction
650 ## - SUBJECT ADDED ENTRY--TOPICAL TERM
Topical term or geographic name as entry element Hairdressing--Fiction
Holdings
Withdrawn status Lost status Damaged status Use restrictions Home library Current library Shelving location Date acquired Source of acquisition Total Checkouts Full call number Barcode Date last seen Price effective from Koha item type
        Elizalde Library Elizalde Library Easy Reading Section 04/10/2003     ER Ne32 1989 E5205 04/12/2014 04/12/2014 Books

Nellie Lou's hairdos /

APA

Sandford J., . (1989). Nellie Lou's hairdos. New York: Warner Juvenile Books.

Chicago

Sandford John, . 1989. Nellie Lou's hairdos. New York: Warner Juvenile Books.

Harvard

Sandford J., . (1989). Nellie Lou's hairdos. New York: Warner Juvenile Books.

MLA

Sandford John, . Nellie Lou's hairdos. New York: Warner Juvenile Books. 1989.

  • Place hold
  • Print
  • Cite
  • Add to your cart (remove)
  • Save record
    BIBTEX Dublin Core MARCXML MARC (non-Unicode/MARC-8) MARC (Unicode/UTF-8) MARC (Unicode/UTF-8, Standard) MODS (XML) RIS
  • More searches
    Search for this title in:
    Other Libraries (WorldCat) Other Databases (Google Scholar) Online Stores (Bookfinder.com) Open Library (openlibrary.org)

Exporting to Dublin Core...

SOUTHVILLE LIBRARY

Southville International School and Colleges Library

1281 Tropical Ave. Cor. Luxembourg St., BF Homes International, Las Pinas City

Tel. No. 8256374 / 252358 Loc. 117/146

Powered by Koha